| 000 | 00473nam a22001697a 4500 | ||
|---|---|---|---|
| 003 | SGT | ||
| 020 | _a9789354660603 | ||
| 082 |
_a616.0707 _bM21J |
||
| 100 | _aJose, Maji | ||
| 245 |
_aManual of Oral Histology & Oral Pathology _bColour Atlas and Text |
||
| 250 | _a3rd | ||
| 260 |
_aNew Delhi, India _bCBS Publishers & Distributors _c2021 |
||
| 300 | _a196 | ||
| 650 | _aOral Histology; Oral Pathology | ||
| 653 | _aOral Histology; Oral Pathology | ||
| 942 |
_2ddc _cBK _0522 |
||
| 999 |
_c22709 _d22709 |
||